Magánjog az ügyvédi rendtartás javaslatában

Elmentve itt :
Bibliográfiai részletek
Szerző: Munkácsi Ernő
Dokumentumtípus: Cikk
Megjelent: 1936
Sorozat:Polgári jog : a hazai és külföldi magánjog és hiteljog szemléje 12
Kulcsszavak:Belföldi jog Magyarország jogi szabályozás
Online Access:http://misc.bibl.u-szeged.hu/16027
LEADER 00651nab a2200169 i 4500
001 misc16027
005 20191106142205.0
008 170607s1936 hu o 0|| hun d
040 |a SZTE Miscellanea Repozitórium  |b hun 
041 |a hun 
100 1 |a Munkácsi Ernő 
245 1 0 |a Magánjog az ügyvédi rendtartás javaslatában  |h [elektronikus dokumentum] /  |c  Munkácsi Ernő 
260 |c 1936 
300 |a 666-673a 
490 0 |a Polgári jog : a hazai és külföldi magánjog és hiteljog szemléje  |v 12 
695 |a Belföldi jog Magyarország jogi szabályozás 
856 4 0 |u http://misc.bibl.u-szeged.hu/16027/1/polgari_jog_1936_666-673a.pdf  |z Dokumentum-elérés